zpět

Detail výsledku týmu

U Anděla, Planá nad Lužnicí

Datum a čas kvízu

11.5 Celkem bodů Celkový počet nahraných bodů na tomto kvízu bez doplňovacích otázek.
4. Pořadí na kvízu Konečné umístění týmu na tomto kvízu.

Zaznamenané odpovědi

# Otázka Odpověď Body Výsledky
1. Jistá velká česká společnost o... 0
2. Český europoslanec, zvolený za... 0
3. Nejstreamovanější kapela roku... 1
4. Na grafu vidíme propad hodnoty... 0
5. Původně dočasný kouč a nástupc... 0
5. Herečku Hanu Vagnerovou můžeme... 0
5. Jak zní křestní jméno italskéh... 0
8. Česká snowboardistka Eva Samko... 1
5. Jak se jmenuje vítězka páté řa... 1
10. Přiřaďte jména známých osobnos... 1